Livres important en ESH - Statistiques

Statistiques générales
  • Ce quiz a été pris 96 fois
    56 depuis la dernière actualisation
  • Le résultat moyen est 2 sur 8
Statistiques - réponses
Hint Réponse % Correct
Joseph Schumpeter : 1939 Business cycles
100%
Karl Marx : 1867 Le capital
100%
Alfred Marshall : 1890 Principles of economics
100%
Goerge Akerlof : 1970 The Market for Lemons
100%
Richard Musgrave : 1959 The Theory of public finance
100%
Francois Quesnay : 1758 Tableau économique
67%
Adam Smith : 1776 Recherche sur la nature et les causes de la richesse des nations
50%
Ronald Coase : 1937 The Nature of the Firm
50%
Irving Fisher : 1911 The Purchasing Power of Money
50%
Jean Baptiste Say : 1803 Traité d'économie politique
50%
Karl Marx : 1848 Manifeste du parti communiste
33%
Garret Hardin : 1968 The Tragedy of Commons
25%
Michel Aglietta : 1988 Ambivalence de la monnaie
0%
Milton Friedman : 1957 A Theory of the Consumption Fonction
0%
Milton Friedman : 1962 Capitalisme et liberté
0%
Joseph Schumpeter : 1942 Capitalisme, Socialisme et Démocratie
0%
David Ricardo : 1817 Des principes de l'économie politique et de l'impôt
0%
David Hume : 1752 Discours politiques
0%
Léon Walras : 1874 Éléments d'économie politique pure ou Théorie de la richesse sociale
0%
Edmond Malinvaud : 1983 Essais sur la théorie du chômage
0%
Gérard Debreu : 1954 Existence of an Equilibrium for a Competitive Economy
0%
Henri Bourguinat : 2000 Finance internationale
0%
Milton Friedman : 1968 Inflation et système monétaire
0%
Thomas Tooke : 1844 Inquiry into the Currency Principle
0%
Michel Ruimy : 2003 La monnaie, au coeur de la relation marchande
0%
André Orléan et Michel Aglietta : 2002 La monnaie entre violence et confiance
0%
Dominique Plihon : 2000 La monnaie et ses mécanismes
0%
Francois Simiand : 1934 La monnaie, réalité sociale
0%
Jean Bodin : 1568 La Response de Maistre Jean Bodin advocat en la cour au paradoxe de Monsieur de Malestroit, touchant l'enchérissement de toutes choses, et le moyen d'y remédier
0%
Richard Cantillon : 1755 L'Essai sur la nature du commerce en générale
0%
Jean Baptiste Say : 1820 Lettre à M.Malthus sur l'économie politique et la stagnation du commerce
0%
Irving Fisher : 1927 L'illusion de la monnaie stable
0%
Vilfredo Pareto : 1906 Manuel d'économie politique
0%
André Chaineau : 1971 Mécanisme et politique monétaire
0%
James Gurley et Edward Shaw : 1960 Money in a Theory of Finance
0%
John Richard Hicks : 1974 Money, Interest and Liquidity
0%
Jézabel Couppey-Soubeyran : 2010 Monnaie, banque, finance
0%
Malestroit : 1566 Paradoxes sur le fait des monnaies
0%
Georg Simmel : 1900 Philosophie des geldes
0%
William Petty : 1691 Political Anatomy of Ireland
0%
William Petty : 1682 Political Arithmetick
0%
John Stuart Mill : 1848 Principes de l'économie politique
0%
John Muth : 1961 Rational Expectations and the Theory of Price Movements
0%
Antoine Auguste Cournot : 1838 Recherches sur les principes mathématiques de la théorie des richesses
0%
Finn Kydland et Edward Prescott : 1977 Rules rather than Discretion
0%
John Maynard Keynes : 1931 Sur la monnaie et l'économie
0%
Friedrich List : 1841 Système nationale d'économie politique
0%
Milton Friedman : 1970 The Counter-Revolution in Monetary Theory
0%
Arthur Cecil Pigou : 1920 The Economics of Welfare
0%
David Ricardo : 1810 The high price of bullion: a proof of the depreciation of bank notes
0%
Franco Modigliani et Alberto Ando : 1963 The Life-Cycle Hypothesis of Savings : Aggregate Implications and Tests », in American Economic Review,
0%
Thorstein Veblen : 1899 Théorie de la classe de loisir
0%
John Maynard Keynes : 1936 Théorie générale de l'emploi, de l'intérêt et de la monnaie
0%
Ronald Coase : 1960 The Problem of social Cost
0%
John Neville Keynes : 1890 The Scope and Method of Political Economy
0%
Viviana Zelizer : 1994 The Social Meaning of Money
0%
Wassily Leontief : 1951 The Structure of American Economy, 1919-1939
0%
Nicolas Oresme : 1355-1366 Traité des monnaies
0%
Vilfredo Pareto : 1916 Traité de sociologie général
0%
John Richard Hicks : 1939 Value and Capital
0%
Aucun quiz correspondant
Distribution des résultats
% des personnes avec chaque résultat
Percentile par nombre de réponses
Votre historique - résultats
Vous n’avez pas pris ce quiz depuis la dernière actualisation